000 00505nam a2200169 i 4500
001 114348
003 ES-MaACL
005 20230906190133.0
007 t|
008 061121s1982 sp |||| | spa d
100 1 _aOrtiz Gutiérrez, Román.
_987624
245 1 3 _aEl impuesto sobre el valor añadido /
_cRomán Ortiz Gutiérrez.
260 _aMadrid :
_bPirámide,
_c1982.
300 _a511 p. ;
_c23 cm.
650 4 _aImpuesto sobre el valor añadido-
_zEspaña.
_9160345
852 _aES-MaACL
_jL-3844
999 _c114348
_d114348